000
nam a22 7a 4500
999
_c
54934
_d
54934
003
OSt
005
20220806161529.0
008
220806b xxu||||| |||| 00| 0 eng d
040
_c
IIMT UNIVERDSITY
100
_a
MITTAL, P.K
245
_a
CALCULUS
260
_a
MEERUT
_b
S.J
_c
2007
300
_a
609
942
_2
ddc
_c
09